00442 a2200121 4500001000900000005001700009008004100026245011900067100002200186700002300208773007200231999001700303ART_317420260410161712.0260409a 10aCapital industrial, desarrollo asociado y distribución del ingreso entre los dos gobiernos peronistas: 1950-19721 aGerchunoff, Pablo1 aLlach, Juan José0 tDesarrollo económicog- Vol. 15, Nº 57 (abr./jun. 1975)wREV1174 c16210d16210